| 000 | 00545nam a2200205 a 4500 | ||
|---|---|---|---|
| 001 | 42438 | ||
| 003 | BD-RjUL | ||
| 005 | 20211209053536.0 | ||
| 008 | 160612s1961 enka 000 0 eng d | ||
| 035 | _a(BD-RjUL)42556 | ||
| 040 |
_aDLC _cROB _dSER _dUKM _dBD-RjUL _beng |
||
| 041 | _aeng | ||
| 082 |
_a330 _223 _bDEE 1961 |
||
| 100 | 1 |
_aDevons, Ely. _9130538 |
|
| 245 | 1 | 0 |
_aEssays in economics / _cEly Devons. |
| 260 |
_aLondon : _bAllen & Unwin, _cc1961. |
||
| 300 |
_a203 p. : _bill. ; _c23 cm. |
||
| 650 | 0 |
_aEconomics _9130539 |
|
| 942 |
_2ddc _cBK |
||
| 999 |
_c42438 _d42438 |
||